000
00245nam a2200109 a 4500
005
20140414093836.0
008
030611s19uu xx 00 eng d
050
_a
CD 006
_b
R #05
245
_a
10,000 Clip art.
942
_c
AVM
999
_c
109041
_d
109041